Southville International School and Colleges
Your cart is empty.
  • Cart
  • Lists
    Public lists Eva Luna New books Lux_list list_1
    Your lists Log in to create your own lists
  • Log in to your account
  • Your cookies
  • Search history
Southville International School and Colleges
  • Advanced search
  • Recent comments
  • Most popular
  • Libraries

Log in to your account

Log in with GOOGLE


If you do not have an external account, but do have a local account, you can still log in:

  1. Home
  2. MARC view: Growth /
Normal view MARC view ISBD view

Growth / (Record no. 208)

[ view plain ]
MARC details
000 -LEADER
fixed length control field 01014pam a2200313 a 4500
001 - CONTROL NUMBER
control field 3841896
003 - CONTROL NUMBER IDENTIFIER
control field SISC
005 - DATE AND TIME OF LATEST TRANSACTION
control field 20160406134120.0
008 - FIXED-LENGTH DATA ELEMENTS--GENERAL INFORMATION
fixed length control field 871028s1988 caua b 001 0 eng
010 ## - LIBRARY OF CONGRESS CONTROL NUMBER
LC control number 87032040
020 ## - INTERNATIONAL STANDARD BOOK NUMBER
International Standard Book Number 0803931832
Terms of availability $27.50
040 ## - CATALOGING SOURCE
Original cataloging agency DLC
Transcribing agency DLC
Modifying agency DLC
050 00 - LIBRARY OF CONGRESS CALL NUMBER
Classification number HB 849.41
Item number .T48 1988
082 00 - DEWEY DECIMAL CLASSIFICATION NUMBER
Classification number HS 303.44
Item number T22 1988
100 1# - MAIN ENTRY--PERSONAL NAME
Personal name Teune, Henry.
9 (RLIN) 14820
245 10 - TITLE STATEMENT
Title Growth /
Statement of responsibility, etc Henry Teune.
260 ## - PUBLICATION, DISTRIBUTION, ETC. (IMPRINT)
Place of publication, distribution, etc Newbury Park, Calif. :
Name of publisher, distributor, etc Sage Publications,
Date of publication, distribution, etc c1988.
300 ## - PHYSICAL DESCRIPTION
Extent 141 p. :
Other physical details ill. ;
Dimensions 23 cm.
440 #0 - SERIES STATEMENT/ADDED ENTRY--TITLE
Title Sage library of social research ;
Volume number/sequential designation v. 167
9 (RLIN) 14821
650 #0 - SUBJECT ADDED ENTRY--TOPICAL TERM
Topical term or geographic name as entry element Population.
9 (RLIN) 14822
650 #0 - SUBJECT ADDED ENTRY--TOPICAL TERM
Topical term or geographic name as entry element Economic development.
9 (RLIN) 11883
856 42 - ELECTRONIC LOCATION AND ACCESS
Materials specified Publisher description
Uniform Resource Identifier <a href="http://www.loc.gov/catdir/enhancements/fy0654/87032040-d.html">http://www.loc.gov/catdir/enhancements/fy0654/87032040-d.html</a>
856 41 - ELECTRONIC LOCATION AND ACCESS
Materials specified Table of contents only
Uniform Resource Identifier <a href="http://www.loc.gov/catdir/enhancements/fy0654/87032040-t.html">http://www.loc.gov/catdir/enhancements/fy0654/87032040-t.html</a>
906 ## - LOCAL DATA ELEMENT F, LDF (RLIN)
a 7
b cbc
c orignew
d 1
e ocip
f 19
g y-gencatlg
942 ## - ADDED ENTRY ELEMENTS (KOHA)
Source of classification or shelving scheme Library of Congress Classification
Koha item type Books
Holdings
Withdrawn status Lost status Source of classification or shelving scheme Damaged status Home library Current library Shelving location Date acquired Total Checkouts Full call number Barcode Date last seen Copy number Price effective from Koha item type
    Library of Congress Classification   Luxembourg Library Luxembourg Library Teachers Reference Section 01/25/2012   HB 849.41 .T351 1988 0417 08/13/2013 1 10/03/2013 Books
    Library of Congress Classification   Luxembourg Library Luxembourg Library Teachers Reference Section 07/13/2013   HB 849.41 .T351 1988 0415 08/13/2013 2 10/03/2013 Books
    Library of Congress Classification   Luxembourg Library Luxembourg Library High School Section 08/28/2013   HB 849.41 .T48 1988 0418 04/06/2016 1 08/28/2013 Books

Growth /

APA

Teune H., . (1988). Growth. Newbury Park, Calif: Sage Publications.

Chicago

Teune Henry, . 1988. Growth. Newbury Park, Calif: Sage Publications.

Harvard

Teune H., . (1988). Growth. Newbury Park, Calif: Sage Publications.

MLA

Teune Henry, . Growth. Newbury Park, Calif: Sage Publications. 1988.

  • Place hold
  • Print
  • Cite
  • Add to your cart (remove)
  • Save record
    BIBTEX Dublin Core MARCXML MARC (non-Unicode/MARC-8) MARC (Unicode/UTF-8) MARC (Unicode/UTF-8, Standard) MODS (XML) RIS
  • More searches
    Search for this title in:
    Other Libraries (WorldCat) Other Databases (Google Scholar) Online Stores (Bookfinder.com) Open Library (openlibrary.org)

Exporting to Dublin Core...

SOUTHVILLE LIBRARY

Southville International School and Colleges Library

1281 Tropical Ave. Cor. Luxembourg St., BF Homes International, Las Pinas City

Tel. No. 8256374 / 252358 Loc. 117/146

Powered by Koha